[Event "AUT-chT 2001-2002"]
[Site "Dornbirn"]
[Date "2002.03.10"]
[Round "11.4"]
[White "Novkovic, Milan"]
[Black "Opl, Klaus"]
[Result "1-0"]
[WhiteElo "2396"]
[BlackElo "2263"]
[PlyCount "83"]
[EventDate "2002.03.10"]

1. c4 e6 2. d4 d5 3. Nf3 Nf6 4. Bg5 h6 5. Bxf6 Qxf6 6. Nc3 c6 7. e3 Nd7 8. Bd3
dxc4 9. Bxc4 g6 10. O-O Bg7 11. Rc1 O-O 12. Qe2 Qe7 13. Rfd1 Rd8 14. a3 a5 15.
Ba2 b6 16. e4 Bb7 17. Qe3 Rab8 18. Rd2 c5 19. d5 exd5 20. Bxd5 Nf6 21. Bxb7
Rxd2 22. Nxd2 Qxb7 23. a4 Rd8 24. Qe2 Rd4 25. f3 Qe7 26. Nc4 Qe6 27. b3 Nd7 28.
Nb5 Nf8 29. Nxd4 Bxd4+ 30. Kh1 Qf6 31. Rf1 g5 32. g3 Ng6 33. Ne3 Ne7 34. Nd5
Qe6 35. Nxe7+ Qxe7 36. Kg2 Qe6 37. Qc4 Kg7 38. Qxe6 fxe6 39. f4 gxf4 40. gxf4
Kf6 41. Kf3 Ke7 42. e5 1-0

[Event "AUT-chT 2001-2002"]
[Site "Dornbirn"]
[Date "2002.03.10"]
[Round "11.5"]
[White "Peterwagner, Heinz"]
[Black "Gaertner, Guntram"]
[Result "1/2-1/2"]
[WhiteElo "2226"]
[BlackElo "2392"]
[PlyCount "82"]
[EventDate "2002.03.10"]

1. e4 c5 2. Nc3 e6 3. g3 d5 4. d3 Nf6 5. Bg2 Be7 6. Bd2 Nc6 7. Nf3 b6 8. O-O
Bb7 9. exd5 exd5 10. Re1 O-O 11. Ne5 Rc8 12. Bf4 Nxe5 13. Bxe5 Bc6 14. h3 Bd6
15. Bxf6 Qxf6 16. Bxd5 Bxg3 17. fxg3 Qd4+ 18. Kg2 Bxd5+ 19. Nxd5 Qxd5+ 20. Qf3
Qd4 21. c3 Qd7 22. Rad1 Qa4 23. a3 Rcd8 24. Rd2 Rd7 25. Re4 Qc6 26. Re5 Qxf3+
27. Kxf3 Rfd8 28. Re3 f6 29. d4 cxd4 30. Red3 Kf7 31. Rxd4 Rxd4 32. cxd4 Rd5
33. Ke4 Ke6 34. Re2 f5+ 35. Kd3+ Kd7 36. Kc4 Rd6 37. Rf2 Rc6+ 38. Kd5 g6 39. g4
Rd6+ 40. Ke5 Re6+ 41. Kd5 Rd6+ 1/2-1/2

[Event "AUT-chT 2001-2002"]
[Site "Dornbirn"]
[Date "2002.03.10"]
[Round "11.6"]
[White "Amann, Guenter"]
[Black "Hamberger, Hermann"]
[Result "1-0"]
[WhiteElo "2270"]
[BlackElo "2141"]
[PlyCount "75"]
[EventDate "2002.03.10"]

1. Nf3 Nc6 2. d4 d5 3. g3 Bg4 4. Bg2 Qd7 5. Ne5 Nxe5 6. dxe5 O-O-O 7. Qd4 Kb8
8. Be3 b6 9. Nc3 Bh3 10. Qxd5 Qxd5 11. Bxd5 e6 12. Bf3 Bb4 13. Bd2 Ne7 14. Be4
Nd5 15. Nxd5 exd5 16. Bd3 Bc5 17. c3 a5 18. a3 a4 19. Bb5 Bd7 20. Bxd7 Rxd7 21.
O-O-O Re8 22. f4 Kb7 23. Kc2 Kc6 24. Kd3 Be7 25. g4 Bd8 26. Be1 f6 27. Bg3 fxe5
28. fxe5 Kc5 29. e4 c6 30. exd5 cxd5 31. Rde1 Re6 32. Rhf1 Bc7 33. Re2 b5 34.
h4 Rde7 35. h5 Bxe5 36. Rfe1 Kd6 37. Rxe5 Rxe5 38. Kd4 1-0

[Event "AUT-chT 2001-2002"]
[Site "Dornbirn"]
[Date "2002.03.10"]
[Round "11.2"]
[White "Baumegger, Siegfried"]
[Black "Stangl, Markus"]
[Result "0-1"]
[WhiteElo "2395"]
[BlackElo "2457"]
[PlyCount "84"]
[EventDate "2002.03.10"]

1. d4 d5 2. c4 e6 3. Nf3 c6 4. e3 f5 5. Bd3 Bd6 6. O-O Qf6 7. b3 Nd7 8. Ba3 Bb8
9. Nc3 Ne7 10. Qc2 a6 11. Rac1 O-O 12. cxd5 cxd5 13. Na4 Re8 14. Nd2 g5 15. g3
f4 16. Bxe7 Qxe7 17. Qxc8 Rxc8 18. Rxc8+ Kg7 19. Rfc1 Ra7 20. Nc3 Bd6 21. Ne2
Nb6 22. R8c2 Ra8 23. Nxf4 Qe8 24. b4 Rc8 25. Nb3 Rxc2 26. Rxc2 Nc4 27. Bxc4
dxc4 28. Rxc4 Kf6 29. Nc5 Qb5 30. Rc3 Qxb4 31. Rb3 Qe1+ 32. Kg2 Bxc5 33. dxc5
Qc1 34. Rxb7 Qxc5 35. Rxh7 e5 36. Rh6+ Kf7 37. Ne6 Qd5+ 38. Kg1 Qxa2 39. Nxg5+
Kg7 40. Rb6 a5 41. Ne6+ Kg8 42. Nd8 a4 0-1

[Event "AUT-chT 2001-2002"]
[Site "Dornbirn"]
[Date "2002.03.10"]
[Round "11.3"]
[White "Weinzettl, Ernst"]
[Black "Wach, Markus"]
[Result "1/2-1/2"]
[WhiteElo "2415"]
[BlackElo "2386"]
[PlyCount "45"]
[EventDate "2002.03.10"]

1. e4 c6 2. d4 d5 3. exd5 cxd5 4. c4 Nf6 5. Nc3 e6 6. Nf3 Bb4 7. cxd5 Nxd5 8.
Qc2 Nc6 9. Be2 O-O 10. O-O Be7 11. Rd1 Nf6 12. a3 Bd7 13. Ne5 Rc8 14. Qd3 Na5
15. Qg3 Kh8 16. d5 exd5 17. Nxd5 Ba4 18. Nxe7 Qxe7 19. Re1 Nb3 20. Rb1 Nxc1 21.
Rbxc1 Rxc1 22. Rxc1 Nd7 23. Nxd7 1/2-1/2

[Event "AUT-chT 2001-2002"]
[Site "Dornbirn"]
[Date "2002.03.10"]
[Round "11.3"]
[White "Stanec, Nikolaus"]
[Black "Schwarz, Michael"]
[Result "1/2-1/2"]
[WhiteElo "2512"]
[BlackElo "2389"]
[PlyCount "47"]
[EventDate "2002.03.10"]

1. c4 g6 2. g3 Bg7 3. Bg2 c5 4. Nc3 Nc6 5. a3 d6 6. Rb1 a5 7. Nf3 e5 8. d3 Nge7
9. O-O O-O 10. Bd2 h6 11. Ne1 Be6 12. Nc2 d5 13. cxd5 Nxd5 14. Ne3 Nde7 15. Nc4
Rb8 16. Nb5 b6 17. b4 axb4 18. axb4 cxb4 19. Bxb4 Nxb4 20. Rxb4 Qd7 21. Qb1 Nc6
22. Ra4 Nd4 23. Nxd4 Qxa4 24. Bc6 1/2-1/2

[Event "AUT-chT 2001-2002"]
[Site "Dornbirn"]
[Date "2002.03.10"]
[Round "11.4"]
[White "Kotz, Heinz Peter"]
[Black "Kindermann, Stefan"]
[Result "1/2-1/2"]
[WhiteElo "2364"]
[BlackElo "2520"]
[PlyCount "28"]
[EventDate "2002.03.10"]

1. e4 e6 2. d4 d5 3. Nc3 Bb4 4. e5 c5 5. Bd2 Ne7 6. dxc5 Nbc6 7. Qg4 O-O 8.
O-O-O Ng6 9. Nf3 Bxc5 10. Qh5 Bd7 11. Bd3 Nb4 12. Bxg6 fxg6 13. Qg4 Qe8 14. Be3
b6 1/2-1/2

[Event "AUT-chT 2001-2002"]
[Site "Dornbirn"]
[Date "2002.03.10"]
[Round "11.5"]
[White "Teske, Henrik"]
[Black "Perhinig, Robert"]
[Result "1-0"]
[WhiteElo "2504"]
[BlackElo "2191"]
[PlyCount "47"]
[EventDate "2002.03.10"]

1. Nf3 Nf6 2. d4 d5 3. c4 c6 4. Nc3 e6 5. Bg5 h6 6. Bxf6 Qxf6 7. g3 g6 8. e4
dxe4 9. Nxe4 Qe7 10. c5 Qc7 11. Ne5 Nd7 12. Nc4 Bg7 13. Ned6+ Kf8 14. Qf3 f5
15. O-O-O b5 16. Nxc8 Rxc8 17. Nd6 Rd8 18. Bg2 e5 19. Qb3 Nf6 20. dxe5 Ng4 21.
Nf7 Rxd1+ 22. Rxd1 Rh7 23. Rd8+ Ke7 24. Nd6 1-0

[Event "AUT-chT 2001-2002"]
[Site "Dornbirn"]
[Date "2002.03.10"]
[Round "11.6"]
[White "Walzl, Martin"]
[Black "Watzka, Horst"]
[Result "1/2-1/2"]
[WhiteElo "2083"]
[BlackElo "2364"]
[PlyCount "34"]
[EventDate "2002.03.10"]

1. d4 Nf6 2. c4 g6 3. Nc3 Bg7 4. e4 d6 5. f3 O-O 6. Be3 a6 7. Qd2 b6 8. Bd3 c5
9. Nge2 Nc6 10. Bc2 cxd4 11. Nxd4 Nxd4 12. Bxd4 Be6 13. Nd5 Nd7 14. Bxg7 Kxg7
15. O-O Rc8 16. Bd3 Re8 17. Rac1 Kg8 1/2-1/2

[Event "AUT-chT 2001-2002"]
[Site "Dornbirn"]
[Date "2002.03.10"]
[Round "11.4"]
[White "Roth, Peter"]
[Black "Fahrner, Kurt"]
[Result "1/2-1/2"]
[WhiteElo "2327"]
[BlackElo "2367"]
[PlyCount "53"]
[EventDate "2002.03.10"]

1. e4 Nf6 2. e5 Nd5 3. d4 d6 4. c4 Nb6 5. exd6 cxd6 6. Nf3 g6 7. h3 Bg7 8. Nc3
O-O 9. Be3 Nc6 10. Qd2 d5 11. c5 Nc4 12. Bxc4 dxc4 13. O-O Bf5 14. Rfd1 Qa5 15.
b3 Rfd8 16. bxc4 Qb4 17. Ne2 Qxc4 18. Rac1 Qa6 19. Nc3 Rac8 20. Qb2 Na5 21. a4
b6 22. cxb6 Qxb6 23. Qxb6 axb6 24. g4 Bd7 25. Nd5 Rxc1 26. Rxc1 Bxa4 27. Nxb6
1/2-1/2

[Event "AUT-chT 2001-2002"]
[Site "Dornbirn"]
[Date "2002.03.10"]
[Round "11.5"]
[White "Ebner, Hubert"]
[Black "Janetschek, Karl"]
[Result "1/2-1/2"]
[WhiteElo "2262"]
[BlackElo "2326"]
[PlyCount "67"]
[EventDate "2002.03.10"]

1. d4 e6 2. c4 Nf6 3. Nc3 Bb4 4. Qc2 c5 5. dxc5 Na6 6. a3 Bxc3+ 7. Qxc3 Nxc5 8.
b4 Nce4 9. Qb2 d5 10. c5 h6 11. f3 Ng5 12. Be3 Kf8 13. h4 Ngh7 14. Bd4 Ne8 15.
e4 Nhf6 16. O-O-O Bd7 17. Bd3 b6 18. Ne2 bxc5 19. Bxc5+ Kg8 20. e5 Nh7 21. f4
Nf8 22. g4 Ba4 23. Rdg1 Nd7 24. Bd4 Nb6 25. g5 Qd7 26. Bxb6 axb6 27. Nd4 Qa7
28. Qc3 Bd7 29. Kb2 Rc8 30. Qd2 Ra8 31. Qc3 Rc8 32. Qd2 Ra8 33. Qc3 Rc8 34. Qd2
1/2-1/2

[Event "AUT-chT 2001-2002"]
[Site "Dornbirn"]
[Date "2002.03.10"]
[Round "11.6"]
[White "Prager, Manfred"]
[Black "Loebler, Heimo"]
[Result "1/2-1/2"]
[WhiteElo "2073"]
[BlackElo "2232"]
[PlyCount "30"]
[EventDate "2002.03.10"]

1. e4 c5 2. Nf3 e6 3. d4 cxd4 4. Nxd4 Qb6 5. Nb3 Qc7 6. Nc3 a6 7. g3 b5 8. Bf4
d6 9. a3 Bb7 10. Bg2 Nf6 11. O-O Be7 12. Re1 Nc6 13. Qe2 O-O 14. Rad1 Rfd8 15.
Nc5 Rac8 1/2-1/2